[Event "Corr"]
[Site "?"]
[Date "2002.06.15"]
[Round "?"]
[White "Huuskonen Matti (FIN)"]
[Black "Lorentzen Oystein (NOR)"]
[Result "0-1"]
[WhiteElo "2510"]
[BlackElo "2509"]
[PlyCount "110"]
[EventDate "2002.??.??"]
[Source "www.chesslib.no"]
[SourceDate "2004.05.04"]

1. e4 e6 2. d4 d5 3. Nc3 Bb4 4. e5 Qd7 5. a3 Bxc3+ 6. bxc3 b6 7. Qg4 f5 8. Qg3 Ba6 9. Bxa6 Nxa6 10. Ne2 Kf7 11. a4 c5 12. O-O Ne7 13. Nf4 Rac8 14. Qd3 Nb8 15. Nh3 h6 16. a5 bxa5 17. Ba3 cxd4 18. cxd4 Rc4 19. Bd6 Nbc6 20. c3 g5 21. f3 a4 22. Rfb1 Na5 23. Nf2 Nb3 24. Ra2 Rhc8 25. Nd1 Ng6 26. g3 h5 27. Rg2 h4 28. Qe3 Qd8 29. Kh1 hxg3 30. hxg3 f4 31. Qf2 Qh8+ 32. Rh2 Qg7 33. Rb2 fxg3 34. Qxg3 Nf4 35. Qg1 Qg6 36. Qf1 Rxc3 37. Nxc3 Rxc3 38. Rh8 Qd3 39. Qxd3 Rxd3 40. Rf8+ Kg7 41. Rc2 Rxf3 42. Rf6 Rf1+ 43. Kh2 Rc1 44. Rxc1 Nxc1 45. Bf8+ Kg8 46. Be7 Nce2 47. Rf8+ Kg7 48. Ra8 Kg6 49. Rxa7 Nxd4 50. Rxa4 Nde2 51. Bc5 Kf5 52. Be3 Kxe5 53. Ra2 d4 54. Bd2 Ke4 55. Bxf4 Nxf4 0-1

[Event "Cappelle la Grande FRA"]
[Site "Cappelle la Grande FRA"]
[Date "1995.??.??"]
[Round "6"]
[White "Krakops, Maris"]
[Black "Smyslov, Vassily V"]
[Result "1-0"]
[WhiteElo "2475"]
[BlackElo "2540"]
[PlyCount "79"]
[EventDate "1995.??.??"]
[Source "www.chesslib.no"]
[SourceDate "2004.05.04"]

1. e4 e6 2. d4 d5 3. Nc3 Bb4 4. e5 Qd7 5. a3 Bxc3+ 6. bxc3 b6 7. Qg4 f5 8. Qg3 Ba6 9. Bxa6 Nxa6 10. Ne2 O-O-O 11. a4 Nb8 12. Ba3 Nc6 13. Bb4 a5 14. Ba3 Nh6 15. O-O Rhg8 16. Qd3 Nb8 17. c4 dxc4 18. Qxc4 g5 19. Nc3 Qc6 20. Qb3 f4 21. Nb5 Kb7 22. c4 f3 23. Rfc1 Qe4 24. c5 Nf5 25. gxf3 Nxd4 26. Nxd4 Qxd4 27. cxb6 c6 28. Bd6 g4 29. f4 Qxf4 30. Qc3 Qe3 31. Qxa5 c5 32. Qc3 Qe4 33. Ra3 Rde8 34. Qc2 Qf5 35. Rd3 Ref8 36. Bc7 h5 37. f3 Nc6 38. Qc4 Ne7 39. Re3 Qd3 40. Qc3 1-0

[Event "Malmo"]
[Site "Malmo SWE"]
[Date "1987.??.??"]
[Round "?"]
[White "Balashov, Yuri S"]
[Black "Karlsson, Lars C-G"]
[Result "1/2-1/2"]
[WhiteElo "2525"]
[BlackElo "2480"]
[PlyCount "30"]
[EventDate "1987.12.??"]
[Source "www.chesslib.no"]
[SourceDate "2004.05.04"]

1. e4 e6 2. d4 d5 3. Nc3 Bb4 4. e5 Qd7 5. a3 Bf8 6. Nf3 b6 7. Bb5 Nc6 8. O-O a6 9. Bd3 Bb7 10. Qe2 Nge7 11. Re1 h6 12. Nd1 Nxd4 13. Nxd4 c5 14. Be3 c4 15. Nc3 cxd3 1/2-1/2

[Event "Lone Pine op"]
[Site "Lone Pine"]
[Date "1979.??.??"]
[Round "7"]
[White "Liberzon, Vladimir M"]
[Black "Seirawan, Yasser"]
[Result "1/2-1/2"]
[WhiteElo "2515"]
[BlackElo "2485"]
[PlyCount "47"]
[EventDate "1979.03.??"]
[Source "ChessBase"]

1. e4 e6 2. d4 d5 3. Nc3 Bb4 4. e5 Qd7 5. Nge2 b6 6. Nf4 g6 7. Bd2 Bf8 8. Bb5 c6 9. Ba4 Na6 10. O-O Nc7 11. Nce2 Ba6 12. Re1 O-O-O 13. Rc1 Kb8 14. b4 Nb5 15. c4 dxc4 16. Rxc4 Ne7 17. Qc1 Bb7 18. Bb3 Nf5 19. Rd1 Be7 20. Be3 Nc7 21. a3 g5 22. Nh5 h6 23. Rc2 Rc8 24. Nc3 1/2-1/2

[Event "Malmo"]
[Site "Malmo SWE"]
[Date "1987.??.??"]
[Round "?"]
[White "Hebden, Mark L"]
[Black "Karlsson, Lars C-G"]
[Result "1-0"]
[WhiteElo "2515"]
[BlackElo "2480"]
[PlyCount "107"]
[EventDate "1987.12.??"]
[Source "www.chesslib.no"]
[SourceDate "2004.05.04"]

1. e4 e6 2. Nc3 d5 3. d4 Bb4 4. e5 Qd7 5. Bd2 b6 6. Nf3 Nc6 7. h4 Bb7 8. h5 O-O-O 9. Bb5 a6 10. Ba4 Kb8 11. Ne2 Bxd2+ 12. Qxd2 Qe7 13. Bxc6 Bxc6 14. a4 a5 15. c3 Kb7 16. O-O Ra8 17. Rfb1 Qd7 18. b4 Bxa4 19. bxa5 Rxa5 20. c4 Ra6 21. cxd5 Ne7 22. d6 Nd5 23. Ng5 f5 24. Nc3 Nxc3 25. Qxc3 cxd6 26. exd6 Rc8 27. Qb4 Rc6 28. Nf7 Qxf7 29. Rxa4 Rxa4 30. Qxa4 Qd7 31. Qa2 Qxd6 32. Ra1 Qb8 33. d5 exd5 34. Qxd5 Qc7 35. g3 f4 36. g4 Qc8 37. Qf3 b5 38. Kh2 Qd8 39. Kg2 Qd4 40. Rd1 Qc4 41. Rd7+ Kb6 42. Rxg7 b4 43. Rxh7 b3 44. Rh8 Kb7 45. Rh7+ Kb6 46. Re7 Kb5 47. Re4 Qc2 48. Qe2+ Rc4 49. Re8 Kb4 50. Qe1+ Rc3 51. Rb8+ Kc4 52. Qe6+ Kc5 53. Qb6+ Kc4 54. Qb5+ 1-0

[Event "Corr"]
[Site "Corr"]
[Date "1993.??.??"]
[Round "?"]
[White "Geenen, Marc"]
[Black "Stock, Manfred"]
[Result "1-0"]
[WhiteElo "2555"]
[BlackElo "2435"]
[PlyCount "51"]
[EventDate "1993.??.??"]
[Source "www.chesslib.no"]
[SourceDate "2004.05.04"]

1. e4 e6 2. d4 d5 3. Nc3 Bb4 4. e5 Qd7 5. Bd2 b6 6. Bb5 c6 7. Ba4 Qb7 8. Nce2 Bf8 9. c3 Bd7 10. Bc2 c5 11. f4 Nh6 12. Nf3 Bb5 13. h3 Nc6 14. g4 g6 15. Be3 Bxe2 16. Qxe2 Ng8 17. O-O cxd4 18. Nxd4 Nge7 19. Nb5 Nc8 20. c4 a6 21. cxd5 axb5 22. dxc6 Qxc6 23. Bf2 Ra5 24. Rac1 Bc5 25. Be4 Qd7 26. b4 1-0

[Event "NED-ch"]
[Site "NED"]
[Date "1991.??.??"]
[Round "8"]
[White "Nijboer, Friso"]
[Black "Brenninkmeijer, Joris"]
[Result "1-0"]
[WhiteElo "2465"]
[BlackElo "2525"]
[PlyCount "83"]
[EventDate "1991.06.??"]
[Source "ChessBase"]

1. e4 e6 2. d4 d5 3. Nc3 Bb4 4. e5 Qd7 5. Nge2 b6 6. Nf4 Ba6 7. Qg4 Bf8 8. Bxa6 Nxa6 9. Qe2 Nb8 10. O-O Nc6 11. Be3 O-O-O 12. a4 Kb7 13. Nd3 Na5 14. Nb1 Ne7 15. b3 h5 16. Nd2 Nf5 17. c3 Nc6 18. b4 a5 19. Nb3 Ra8 20. Rfb1 axb4 21. cxb4 Be7 22. Qd2 Rhb8 23. b5 Na7 24. Bf4 Rg8 25. Qc2 g5 26. Bd2 h4 27. Rc1 g4 28. Rab1 g3 29. fxg3 hxg3 30. h3 Rh8 31. a5 Rac8 32. Qa2 Nxb5 33. Qa4 Ra8 34. Bg5 Ba3 35. Rc5 Nfxd4 36. Nxd4 Rxa5 37. Qd1 Bxc5 38. Nxc5+ bxc5 39. Bd2 cxd4 40. Bxa5 c5 41. Qa4 Ka6 42. Bd8+ 1-0

[Event "Memorial Archil Ebralidze (cat.7)"]
[Site "Tbilisi (Georgia)"]
[Date "2007.04.12"]
[Round "11"]
[White "Aroshidze Levan (GEO)"]
[Black "Gaprindashvili Valerian (GEO)"]
[Result "1/2-1/2"]
[WhiteElo "2500"]
[BlackElo "2489"]
[PlyCount "41"]
[EventDate "2007.??.??"]
[Source "www.chesslib.no"]
[SourceDate "2004.05.04"]

1. e4 e6 2. d4 d5 3. Nc3 Bb4 4. e5 Qd7 5. a3 Bf8 6. Nf3 b6 7. Bb5 Nc6 8. Ne2 Bb7 9. c3 a6 10. Bd3 f5 11. Nf4 Nd8 12. Ng5 g6 13. h4 Bh6 14. Qf3 Ne7 15. Qg3 Bxg5 16. Qxg5 Bc8 17. Be3 Nf7 18. Qg3 a5 19. a4 Ba6 20. Bc2 Rc8 21. Nd3 1/2-1/2

[Event "MK Cafe Cup-B"]
[Site "Koszalin"]
[Date "1999.08.07"]
[Round "5"]
[White "Kuzmin, Gennadi P"]
[Black "Dimitrov, Vladimir"]
[Result "1/2-1/2"]
[WhiteElo "2518"]
[BlackElo "2464"]
[PlyCount "29"]
[EventDate "1999.08.03"]
[Source "www.chesslib.no"]
[SourceDate "2004.05.04"]

1. e4 e6 2. d4 d5 3. Nc3 Bb4 4. e5 Qd7 5. Nge2 b6 6. a3 Bf8 7. g3 Ba6 8. Bg2 Ne7 9. O-O c5 10. Re1 Nbc6 11. dxc5 bxc5 12. Nf4 Rc8 13. a4 Nd4 14. b3 Nec6 15. Bb2 1/2-1/2

[Event "AUT-chT 9495"]
[Site "Austria"]
[Date "1995.??.??"]
[Round "?"]
[White "Horvath, Gyula"]
[Black "Bischoff, Klaus"]
[Result "1/2-1/2"]
[WhiteElo "2455"]
[BlackElo "2525"]
[PlyCount "98"]
[EventDate "1994.??.??"]
[Source "ChessBase"]

1. e4 e6 2. d4 d5 3. Nc3 Bb4 4. e5 Qd7 5. Bd2 Bf8 6. f4 b6 7. Nf3 Ne7 8. a4 Nbc6 9. Bd3 Nf5 10. Ne2 Nb4 11. Bxb4 Bxb4+ 12. c3 Be7 13. Ng3 g6 14. Nxf5 gxf5 15. Ng5 Bxg5 16. fxg5 Qe7 17. Qd2 h6 18. gxh6 Qh4+ 19. g3 Qxh6 20. Qxh6 Rxh6 21. a5 Bd7 22. axb6 cxb6 23. Ra6 Bc8 24. Ra3 Bd7 25. O-O a5 26. b4 Ke7 27. bxa5 bxa5 28. Rb1 Ra7 29. Rb8 a4 30. Kg2 f6 31. exf6+ Kxf6 32. Bc2 Kg7 33. h3 Rf6 34. Kf3 Rh6 35. Kg2 Rf6 36. Bd1 Rf8 37. Rxf8 Kxf8 38. Kf3 Ke7 39. Kf4 Kd6 40. h4 Ra8 41. h5 Ke7 42. Ke5 Rg8 43. Bxa4 Rxg3 44. Bxd7 Re3+ 45. Kf4 Re4+ 46. Kf3 Kxd7 47. h6 Rh4 48. Ra7+ Kc6 49. h7 f4 1/2-1/2

[Event "Biel op MTO"]
[Site "Biel"]
[Date "1996.??.??"]
[Round "9"]
[White "Cherniaev, Alexander"]
[Black "Razuvaev, Yuri S"]
[Result "1/2-1/2"]
[WhiteElo "2420"]
[BlackElo "2560"]
[PlyCount "41"]
[EventDate "1996.07.??"]
[Source "www.chesslib.no"]
[SourceDate "2004.05.04"]

1. e4 e6 2. d4 d5 3. Nc3 Bb4 4. e5 Qd7 5. h4 b6 6. h5 Nh6 7. a3 Bf8 8. Nf3 Bb7 9. Rh3 c5 10. Bxh6 gxh6 11. Nh2 Nc6 12. Ng4 O-O-O 13. Ne2 Bg7 14. Qd2 Qe7 15. Qf4 Rhf8 16. Rf3 Qh4 17. c3 Qxh5 18. Ng3 Qh4 19. Rd1 f5 20. exf6 h5 21. Ne5 1/2-1/2

[Event "X Open Anibal"]
[Site "Linares"]
[Date "2003.03.04"]
[Round "5.8"]
[White "Inarkiev, Ernesto"]
[Black "Abdelnnabi, Imed"]
[Result "1-0"]
[WhiteElo "2566"]
[BlackElo "2413"]
[PlyCount "69"]
[EventDate "2003.03.01"]
[Source "Roberto Alvarez"]
[SourceDate "2003.03.03"]

1. e4 e6 2. d4 d5 3. Nc3 Bb4 4. e5 Qd7 5. a3 Bf8 6. Nf3 b6 7. b4 c6 8. Rb1 Ba6 9. b5 cxb5 10. Nxb5 Bb7 11. Bd3 Nc6 12. O-O a6 13. Nd6+ Bxd6 14. exd6 Qxd6 15. Rxb6 Qc7 16. Rb2 Nf6 17. g3 O-O 18. Bf4 Qd7 19. Qe2 Ne4 20. Rfb1 Ra7 21. Qe1 f6 22. c4 Ne7 23. cxd5 exd5 24. Nd2 g5 25. Be3 Ba8 26. Rb6 Nf5 27. Bxa6 Qa4 28. Nxe4 dxe4 29. Qf1 Bd5 30. Bb7 Bxb7 31. Rxb7 Rxb7 32. Rxb7 Nxd4 33. Kg2 Nf5 34. Qc1 Rf7 35. Qc8+ 1-0

[Event "Karlovac"]
[Site "Karlovac"]
[Date "1979.??.??"]
[Round "?"]
[White "Kurajica, Bojan"]
[Black "Diesen, Mark C"]
[Result "1-0"]
[WhiteElo "2515"]
[BlackElo "2460"]
[PlyCount "79"]
[EventDate "1979.??.??"]
[Source "www.chesslib.no"]
[SourceDate "2004.05.04"]

1. e4 e6 2. d4 d5 3. Nc3 Bb4 4. e5 Qd7 5. Bd2 b6 6. Nf3 Bf8 7. b3 Ba6 8. Bxa6 Nxa6 9. O-O c5 10. a4 Rc8 11. Nb5 Nb4 12. c3 Nc6 13. dxc5 bxc5 14. Qe2 Rb8 15. b4 h5 16. bxc5 Bxc5 17. Be3 Be7 18. c4 a6 19. cxd5 exd5 20. Nd6+ Kf8 21. Qxa6 f6 22. Nh4 Nxe5 23. f4 Qxd6 24. Qxd6 Bxd6 25. fxe5 Bxe5 26. Ng6+ Ke8 27. Rae1 Rh7 28. Bd4 Rb1 29. Nxe5 Rxe1 30. Rxe1 fxe5 31. Rxe5+ Kd7 32. Rxd5+ Kc6 33. Rg5 Ne7 34. Bxg7 h4 35. h3 Nd5 36. a5 Nf4 37. Be5 Nd3 38. Bd4 Rb7 39. a6 Rb4 40. a7 1-0

[Event "jub30-C corr9196"]
[Site "Finland"]
[Date "1991.??.??"]
[Round "?"]
[White "Kokkila, Tero"]
[Black "Spodny, Josef"]
[Result "1-0"]
[WhiteElo "2530"]
[BlackElo "2445"]
[PlyCount "81"]
[EventDate "1991.??.??"]
[Source "www.chesslib.no"]
[SourceDate "2004.05.04"]

1. e4 e6 2. d4 d5 3. Nc3 Bb4 4. e5 Qd7 5. Qg4 f5 6. Qg3 b6 7. Nh3 Ba6 8. Bxa6 Nxa6 9. O-O h6 10. Qg6+ Qf7 11. Nf4 Qxg6 12. Nxg6 Rh7 13. h4 Bxc3 14. bxc3 Ne7 15. Nf4 Kf7 16. h5 Rhh8 17. f3 c5 18. g4 Rhc8 19. Ba3 g5 20. hxg6+ Nxg6 21. Nh5 cxd4 22. gxf5 exf5 23. cxd4 Rc3 24. Bd6 Nc7 25. Bxc7 Rxc7 26. Rf2 Rac8 27. Rc1 Rc4 28. Rg2 R8c6 29. c3 Ne7 30. Rg7+ Kf8 31. Rh7 Rg6+ 32. Kf2 Rcc6 33. Nf6 Rc4 34. Rg1 Rxg1 35. Kxg1 Rc6 36. Kf2 f4 37. Kg2 b5 38. Kh3 b4 39. cxb4 Nf5 40. b5 Rb6 41. Rxa7 1-0

[Event "Leningrad"]
[Site "Leningrad"]
[Date "1989.??.??"]
[Round "?"]
[White "Aseev, Konstantin N"]
[Black "Brynell, Stellan"]
[Result "1/2-1/2"]
[WhiteElo "2485"]
[BlackElo "2485"]
[PlyCount "45"]
[EventDate "1989.06.??"]
[Source "ChessBase"]

1. e4 e6 2. d4 d5 3. Nc3 Bb4 4. e5 Qd7 5. a3 Bxc3+ 6. bxc3 b6 7. a4 Ba6 8. Bxa6 Nxa6 9. Qg4 f5 10. exf6 Nxf6 11. Qe2 Nb8 12. Nf3 Nc6 13. O-O Ne4 14. Ng5 Nxg5 15. Bxg5 O-O 16. Bh4 Na5 17. Rfe1 Rae8 18. Bg3 Nc4 19. Qd3 a5 20. Re2 Rf6 21. h3 Qc6 22. Rb1 Qxa4 23. Bxc7 1/2-1/2

[Event "31. Internacional La Roda"]
[Site "La Roda"]
[Date "2004.04.11"]
[Round "9"]
[White "Kogan, Artur"]
[Black "Rivas Pastor, Manuel"]
[Result "1-0"]
[WhiteElo "2543"]
[BlackElo "2427"]
[PlyCount "59"]
[EventDate "2004.04.07"]
[Source "Roberto Alvarez"]
[SourceDate "2004.04.19"]

1. e4 e6 2. d4 d5 3. Nc3 Bb4 4. e5 Qd7 5. Qg4 Bf8 6. Bg5 h6 7. Bh4 b6 8. f4 Ba6 9. Bxa6 Nxa6 10. Nge2 g6 11. Qf3 Be7 12. Bxe7 Nxe7 13. g4 h5 14. h3 c5 15. O-O-O c4 16. Rdf1 O-O-O 17. Kb1 b5 18. Nd1 Nc7 19. Ne3 b4 20. f5 gxf5 21. gxf5 Qa4 22. Rhg1 c3 23. fxe6 fxe6 24. Qf6 Nc6 25. Rg7 Rhe8 26. Qg6 cxb2 27. Rff7 Nb5 28. Rb7 Ncxd4 29. Qf7 Qa5 30. Rb8+ 1-0

[Event "EU-chT (Men)"]
[Site "Skara"]
[Date "1980.??.??"]
[Round "4"]
[White "Gligoric, Svetozar"]
[Black "Karlsson, Lars"]
[Result "1-0"]
[WhiteElo "2565"]
[BlackElo "2405"]
[PlyCount "81"]
[EventDate "1980.01.??"]
[Source "ChessBase"]

1. d4 e6 2. e4 d5 3. Nc3 Bb4 4. e5 Qd7 5. Qg4 f5 6. Qh5+ g6 7. Qd1 Bf8 8. Nf3 b6 9. Ne2 h6 10. h4 Qf7 11. Nf4 Ne7 12. c4 dxc4 13. Bxc4 c6 14. Bd2 Na6 15. Qc2 Nc7 16. O-O-O Bd7 17. Kb1 O-O-O 18. Rc1 Kb7 19. Bb4 Rc8 20. Bd6 Ned5 21. Qd2 Be7 22. Bxd5 Nxd5 23. Nxd5 exd5 24. Rhe1 Be6 25. Qb4 Bd8 26. Re3 g5 27. Ra3 Ka8 28. Qa4 Qb7 29. g3 f4 30. hxg5 hxg5 31. gxf4 gxf4 32. Rac3 Rh3 33. a3 Bg4 34. Ne1 Rxc3 35. Rxc3 Bf5+ 36. Ka2 Bh4 37. Nd3 Bxd3 38. Rxd3 Bxf2 39. Rh3 Qd7 40. Rh6 Kb7 41. Qc2 1-0

[Event "Kavala 82/274"]
[Site "?"]
[Date "2001.??.??"]
[Round "?"]
[White "Vouldis, A."]
[Black "Skembris, S."]
[Result "1/2-1/2"]
[WhiteElo "2508"]
[BlackElo "2456"]
[PlyCount "89"]
[EventDate "2001.??.??"]
[Source "Chess Informant"]
[SourceDate "2001.06.01"]

1. e4 e6 2. d4 d5 3. Nc3 Bb4 4. e5 Qd7 5. a3 Bxc3+ 6. bxc3 b6 7. Qg4 f5 8. Qg3 Ba6 9. Bxa6 Nxa6 10. Ne2 Qf7 11. Qd3 Nb8 12. c4 c6 13. a4 Ne7 14. a5 dxc4 15. Qxc4 b5 16. Qb3 O-O 17. Ba3 Re8 18. Bxe7 Qxe7 19. O-O Na6 20. c4 Rab8 21. cxb5 Rxb5 22. Qc4 Qb7 23. Rac1 Rxa5 24. Nf4 Kf7 25. g4 fxg4 26. f3 g3 27. hxg3 Nb4 28. Nh3 h6 29. Nf2 Qb5 30. Ne4 Qxc4 31. Rxc4 Rb8 32. f4 Ra2 33. Rb1 a5 34. Nc5 Rb5 35. Ne4 Rb8 36. Nc5 Ke7 37. Nd3 Ra3 38. Nxb4 axb4 39. Rcxb4 Rxb4 40. Rxb4 Rxg3+ 41. Kf2 Rc3 42. Rb7+ Kf8 43. Rc7 g6 44. Rc8+ Ke7 45. Rc7+ 1/2-1/2

[Event "Australia (ch)"]
[Site "?"]
[Date "2004.??.??"]
[Round "?"]
[White "Rogers, I."]
[Black "Tao, T."]
[Result "1-0"]
[WhiteElo "2570"]
[BlackElo "2390"]
[PlyCount "53"]
[EventDate "2004.??.??"]
[Source "Chess Informant"]
[SourceDate "2004.02.01"]

1. e4 e6 2. d4 d5 3. Nc3 Bb4 4. e5 Qd7 5. Bd2 c6 6. Bd3 b6 7. Nce2 Bf8 8. c3 Ba6 9. Bc2 c5 10. Nf3 Nc6 11. O-O h5 12. Re1 g6 13. Bg5 Be7 14. Nf4 O-O-O 15. h4 Kb8 16. dxc5 bxc5 17. b4 Ka8 18. Ba4 Rb8 19. Nxd5 exd5 20. e6 fxe6 21. Ne5 Qc8 22. Nxc6 Rb7 23. b5 Bxg5 24. bxa6 Rb6 25. hxg5 Rxc6 26. Bxc6+ Qxc6 27. Qe2 1-0

[Event "Thessaloniki ol (Men)"]
[Site "Thessaloniki GRE"]
[Date "1988.??.??"]
[Round "8"]
[White "Wedberg, Tom"]
[Black "Garcia Gonzales, Guillermo"]
[Result "1/2-1/2"]
[WhiteElo "2475"]
[BlackElo "2485"]
[PlyCount "91"]
[EventDate "1988.11.??"]
[Source "www.chesslib.no"]
[SourceDate "2004.05.04"]

1. e4 e6 2. d4 d5 3. Nc3 Bb4 4. e5 Qd7 5. Nf3 b6 6. Bd2 Ne7 7. h4 Ba6 8. Bxa6 Nxa6 9. Ne2 Bxd2+ 10. Qxd2 c5 11. c3 h6 12. O-O cxd4 13. cxd4 Rc8 14. h5 Nb8 15. Nh4 Nbc6 16. f4 Nf5 17. Nf3 Qe7 18. Rac1 O-O 19. g4 Nh4 20. Nh2 Qb4 21. Rc3 Na5 22. Rfc1 Rxc3 23. Qxc3 Qb5 24. Ng3 Qa4 25. a3 Nb3 26. Rd1 Nc5 27. Re1 Ne4 28. Nxe4 dxe4 29. Kf2 Nf3 30. Nxf3 exf3 31. Kxf3 Rd8 32. Ke3 Qd7 33. Rc1 Qe7 34. Qe1 Qd7 35. Qc3 Qd5 36. Qd2 Qb7 37. Qe2 Qd7 38. Qd2 Qe7 39. Qe1 Qd7 40. Qd2 Qe7 41. Qg2 Qd7 42. Rd1 Qa4 43. Rd3 Qc4 44. Rd1 Qb3+ 45. Rd3 Qc4 46. Rd1 1/2-1/2

[Event "Bor"]
[Site "Bor"]
[Date "1986.??.??"]
[Round "8"]
[White "Abramovic, Bosko"]
[Black "Rogers, Ian"]
[Result "1/2-1/2"]
[WhiteElo "2445"]
[BlackElo "2515"]
[PlyCount "68"]
[EventDate "1986.10.??"]
[Source "www.chesslib.no"]
[SourceDate "2004.05.04"]

1. e4 e6 2. d4 d5 3. Nc3 Bb4 4. e5 Qd7 5. Bd2 b6 6. Nf3 Ne7 7. Bb5 c6 8. Be2 Ba6 9. O-O Bxc3 10. Bxc3 c5 11. b3 O-O 12. Bb2 Bxe2 13. Qxe2 Rc8 14. c4 dxc4 15. bxc4 Nbc6 16. dxc5 bxc5 17. Rfd1 Qc7 18. Qe4 Rab8 19. Bc3 h6 20. h4 Rd8 21. h5 Rxd1+ 22. Rxd1 Rd8 23. Rb1 a6 24. g4 Qd7 25. Nd2 Nb4 26. a3 Nec6 27. axb4 cxb4 28. Bxb4 Nxb4 29. Rxb4 Qxd2 30. Rb7 a5 31. Kg2 Qd4 32. Kf3 Qa1 33. Kg2 Qd4 34. Kf3 Qc3+ 1/2-1/2

[Event "Najdorf op"]
[Site "Buenos Aires"]
[Date "1997.??.??"]
[Round "6"]
[White "German, Gustavo"]
[Black "Giaccio, Alfredo Gustavo"]
[Result "0-1"]
[WhiteElo "2500"]
[BlackElo "2460"]
[PlyCount "62"]
[EventDate "1997.05.19"]
[Source "ChessBase"]
[SourceDate "1997.07.29"]

1. e4 e6 2. d4 d5 3. Nc3 Bb4 4. e5 Qd7 5. a3 Bxc3+ 6. bxc3 b6 7. Qg4 f5 8. Qg3 Ba6 9. Bd3 Bxd3 10. cxd3 Nc6 11. Ne2 Qf7 12. h4 Nge7 13. Be3 h6 14. h5 O-O-O 15. Nf4 Rdg8 16. Qf3 Kb8 17. Rc1 Rd8 18. g3 Rd7 19. Rc2 Rc8 20. O-O g5 21. hxg6 Nxg6 22. Kg2 Nxf4+ 23. Qxf4 h5 24. Rh1 Rh8 25. Qf3 Qg6 26. Rh4 Rg7 27. c4 Ne7 28. Rc1 Qe8 29. Kf1 Rg4 30. Qh1 Qg6 31. Ke2 Qe8 0-1

[Event "Lone Pine op"]
[Site "Lone Pine"]
[Date "1975.??.??"]
[Round "3"]
[White "Schmid, Lothar"]
[Black "Yanofsky, Daniel Abraham"]
[Result "1/2-1/2"]
[WhiteElo "2540"]
[BlackElo "2415"]
[PlyCount "63"]
[EventDate "1975.??.??"]
[Source "ChessBase"]

1. e4 e6 2. d4 d5 3. Nc3 Bb4 4. e5 Qd7 5. a3 Bf8 6. Nh3 b6 7. Nf4 Ba6 8. Bxa6 Nxa6 9. Qe2 Nb8 10. Be3 Nc6 11. g4 O-O-O 12. O-O-O Na5 13. Kb1 Nc4 14. Bc1 Kb8 15. h4 c6 16. Ka2 Re8 17. b3 Na5 18. Rh3 Ne7 19. Nh5 c5 20. dxc5 bxc5 21. Bf4 Qb7 22. Na4 Nec6 23. Rc3 Nd4 24. Qd2 Qb5 25. Nxg7 Rc8 26. Nh5 Nac6 27. Rd3 Ka8 28. Nf6 Be7 29. g5 Rb8 30. Rb1 Rb7 31. Qd1 Rhb8 32. h5 1/2-1/2

[Event "Belgrade YUG"]
[Site "Belgrade SCG"]
[Date "1977.??.??"]
[Round "?"]
[White "Tringov, Georgi P"]
[Black "Sahovic, Dragutin"]
[Result "1/2-1/2"]
[WhiteElo "2495"]
[BlackElo "2460"]
[PlyCount "27"]
[EventDate "1977.??.??"]
[Source "www.chesslib.no"]
[SourceDate "2004.05.04"]

1. e4 e6 2. d4 d5 3. Nc3 Bb4 4. e5 Qd7 5. Bd2 b6 6. Nf3 Ne7 7. Nb1 Bxd2+ 8. Nbxd2 a5 9. c3 Ba6 10. Bxa6 Rxa6 11. Nf1 Ra8 12. Ng3 O-O 13. O-O f6 14. exf6 1/2-1/2

[Event "It (open)"]
[Site "Geneva (Switzerland)"]
[Date "2008.01.23"]
[Round "5"]
[White "Hamdouchi Hichem (MAR)"]
[Black "Huss Andreas (SUI)"]
[Result "1-0"]
[WhiteElo "2575"]
[BlackElo "2377"]
[PlyCount "83"]
[EventDate "2008.??.??"]
[Source "www.chesslib.no"]
[SourceDate "2004.05.04"]

1. e4 e6 2. d4 d5 3. Nc3 Bb4 4. e5 Qd7 5. Qg4 f5 6. Qg3 b6 7. Nh3 c5 8. dxc5 bxc5 9. a3 Ba5 10. b4 cxb4 11. Bb5 Nc6 12. axb4 Bxb4 13. O-O Nge7 14. Na2 Bc5 15. Qxg7 Ng6 16. Qh6 Bb7 17. Bg5 Bf8 18. Qh5 Bg7 19. Bf6 O-O 20. Bxg7 Qxg7 21. f4 Nd4 22. Bd3 Rfc8 23. Rf2 a5 24. Rb1 a4 25. Rb4 Nc6 26. Rb6 Rc7 27. c3 a3 28. Ng5 Qe7 29. g3 Nf8 30. g4 fxg4 31. Qxg4 Kh8 32. Rg2 Qe8 33. Ne4 Ng6 34. Nd6 Qb8 35. Bxg6 Qa7 36. Bf7 Qxb6+ 37. Kh1 Qb1+ 38. Rg1 Qe4+ 39. Nxe4 Rxf7 40. Nd6 Re7 41. Nxb7 Rxb7 42. Qxe6 1-0

[Event "Ch Norway (team) 1998/99"]
[Site "Norway"]
[Date "1998.??.??"]
[Round "7"]
[White "Matta, Francesca"]
[Black "Punnett, A."]
[Result "1/2-1/2"]
[WhiteElo "2505"]
[BlackElo "2445"]
[PlyCount "90"]
[EventDate "1998.??.??"]
[Source "www.chesslib.no"]
[SourceDate "2004.05.04"]

1. e4 e6 2. d4 d5 3. Nc3 Bb4 4. e5 Qd7 5. a3 Bxc3+ 6. bxc3 b6 7. Qg4 f5 8. Qg3 Nc6 9. Bd3 Bb7 10. Ne2 Na5 11. O-O Nc4 12. Nf4 O-O-O 13. Re1 g6 14. h4 Ne7 15. h5 gxh5 16. Qh3 h4 17. Nh5 Ng6 18. Bg5 Rdf8 19. Bxh4 Nxh4 20. Qxh4 Rf7 21. Qg5 Qe7 22. Qxe7 Rxe7 23. f3 Rg8 24. Kf2 Bc6 25. Rh1 Be8 26. Nf6 Rgg7 27. Rh4 Bg6 28. Bxc4 dxc4 29. Re1 c6 30. a4 Kb7 31. Rb1 a5 32. Rb2 Ka6 33. Rh1 Rb7 34. f4 Rgc7 35. Rd1 Rg7 36. g3 Rgc7 37. Rdb1 Rg7 38. Re1 Rgc7 39. Rd1 Rg7 40. Rdb1 Rge7 41. Ke3 Rg7 42. Rh1 Rge7 43. Rbb1 Rg7 44. Rh4 Rge7 45. Rg1 Rb8 1/2-1/2

[Event "Arnold Cup"]
[Site "Gausdal NOR"]
[Date "1994.??.??"]
[Round "7"]
[White "Reeh, Oliver"]
[Black "Karlsson, Lars C-G"]
[Result "1/2-1/2"]
[WhiteElo "2430"]
[BlackElo "2520"]
[PlyCount "165"]
[EventDate "1994.04.??"]
[Source "www.chesslib.no"]
[SourceDate "2004.05.04"]

1. e4 e6 2. d4 d5 3. Nc3 Bb4 4. e5 Qd7 5. Bd2 b6 6. a3 Bf8 7. Bb5 c6 8. Ba4 Ba6 9. Nce2 Bb5 10. Bb3 Bc4 11. Bxc4 dxc4 12. Bb4 c5 13. dxc5 a5 14. Bc3 Bxc5 15. Bd4 Na6 16. Bxc5 Nxc5 17. Qxd7+ Nxd7 18. f4 Ne7 19. Nc3 Nc5 20. O-O-O Rb8 21. a4 O-O 22. Nge2 Rfc8 23. Nd4 Rd8 24. Ndb5 Nf5 25. Rhe1 h5 26. Na3 Rdc8 27. Nab5 Rd8 28. g3 h4 29. Rxd8+ Rxd8 30. g4 Ne7 31. Nd6 Ng6 32. Rf1 f6 33. Nxc4 Rd4 34. Nxb6 Rb4 35. Nc8 Nxa4 36. exf6 gxf6 37. f5 Nxc3 38. bxc3 Ra4 39. Rd1 exf5 40. Rd8+ Kf7 41. gxf5 Ne5 42. Nb6 Rf4 43. Rh8 Kg7 44. Rc8 Nf3 45. c4 Nxh2 46. c5 Rxf5 47. Nd7 Ng4 48. c6 h3 49. c7 h2 50. Rh8 Kxh8 51. c8=Q+ Kh7 52. Nf8+ Kh6 53. Qxf5 h1=Q+ 54. Kb2 Qh5 55. Qh7+ Kg5 56. Ne6+ Kh4 57. Qd3 Qe5+ 58. Nd4 Ne3 59. Qxe3 Qb8+ 60. Ka2 Qg8+ 61. Kb2 Qb8+ 62. Kc1 a4 63. Nf3+ Kg4 64. Nd2 Qf4 65. Qe2+ Kg5 66. Qg2+ Kh6 67. Qh3+ Kg6 68. Qa3 Qe5 69. c4 Qa5 70. Kc2 Kf7 71. Qc3 Qf5+ 72. Kb2 Qc5 73. Ka2 Ke6 74. Ne4 Qe5 75. Qxe5+ Kxe5 76. Nd2 Kd4 77. Ka3 f5 78. Kxa4 Kd3 79. c5 Kxd2 80. c6 f4 81. c7 f3 82. c8=Q f2 83. Qh3 1/2-1/2